|
|
|
|
| LEADER |
00000nab a2200000 a 4500 |
| 008 |
150729b2010 CR ||||| |||| 00| 0 spa d |
| 022 |
|
|
|a 1409-2522
|
| 090 |
|
|
|a 05.05.02
|b 1992
|
| 100 |
1 |
|
|9 252
|a Villarreal Montoya, Ana Lucía
|
| 245 |
1 |
0 |
|a Publicidad televisiva reproduce cautiverios femeninos /
|c Ana Lucía Villareal
|
| 260 |
|
|
|a San José. Costa Rica:
|b Oficina de Publicaciones de la Universidad de Costa Rica,
|c 2010
|
| 300 |
|
|
|a pp.136-154
|
| 650 |
1 |
4 |
|a GÉNERO
|9 69
|
| 650 |
1 |
4 |
|a SEMIOLOGÍA
|9 568
|
| 773 |
0 |
|
|d San José, Costa Rica : Oficina de Publicaciones de la Universidad de Costa Rica, 2010
|o 002328
|t Escena: Revista de las artes
|x 1409-2522
|g Vol.33, no,66 (2010)
|
| 942 |
|
|
|h 05.05.02 1992
|2 z
|c 10
|
| 999 |
|
|
|c 120
|d 120
|